00607nam a2200157 a 4500008004100000050002100041100001900062245002100081246006000102260002900162300001600191350000900207995008700216999001700303952012900320120416s1981 ||||||||||||||||| || u aPR 9354.2.A8 Feb aFebruary, V. A10aMind your colour athe ""coloured"" stereotype in South African literature aLondonbKegan Paulc1981 aviii, 248p. a0.00 D0.00FCBU-MAIN LIBRARY (Kitwe)H1I0.00M1UAVAILABLEZAnnex Low-Usage Collection  c51251d51251 00102lcc4070a001b001cAnnex Low-Usage Collection d2022-11-30l0oPR 9354.2.A8 Febp010569r2022-11-30w2022-11-30y002